<?xml version="1.0" encoding="UTF-8"?>
<record
    xmlns:xsi="http://www.w3.org/2001/XMLSchema-instance"
    xsi:schemaLocation="http://www.loc.gov/MARC21/slim http://www.loc.gov/standards/marcxml/schema/MARC21slim.xsd"
    xmlns="http://www.loc.gov/MARC21/slim">

  <leader>01209nam a22001577a 4500</leader>
  <controlfield tag="008">120620t        xxu||||| |||| 00| 0 eng d</controlfield>
  <datafield tag="020" ind1=" " ind2=" ">
    <subfield code="a">0821320610</subfield>
  </datafield>
  <datafield tag="050" ind1=" " ind2=" ">
    <subfield code="a">HG3891.5.A33</subfield>
  </datafield>
  <datafield tag="245" ind1=" " ind2=" ">
    <subfield code="a">Adjustment lending revisited: policies to restore growth. /</subfield>
    <subfield code="c">Edited by Vitirio Corbo, Stanley Fischer, and Steven B. Webb</subfield>
  </datafield>
  <datafield tag="260" ind1=" " ind2=" ">
    <subfield code="a">Washington D.C.:</subfield>
    <subfield code="b">World Bank,</subfield>
    <subfield code="c">1992.</subfield>
  </datafield>
  <datafield tag="300" ind1=" " ind2=" ">
    <subfield code="a">x,184 p.:</subfield>
    <subfield code="b">ill.;</subfield>
    <subfield code="c">25cm.</subfield>
  </datafield>
  <datafield tag="505" ind1=" " ind2=" ">
    <subfield code="a">Contents: Adjustment lending policy and effects -- Adjustment programs and bank support:rationale and main results -- World bank-supported adjustment programs:country performance and effetiveness -- World bank-supported adjustment programs and living coditions -- Designing and implementing adjustment programs -- Macroeconomic foundation for sustainable growth -- Nominal anchors,stabilization and growth: some thoughts on high-inflation economics -- Economic adjustment and investment performance in developing countries: The Experience of the 1980s -- Public policy and private saving -- Endogenous growth in developing countries with government-induced distortions -- Agenda for adjustment lending in 1990s.</subfield>
  </datafield>
  <datafield tag="700" ind1=" " ind2=" ">
    <subfield code="a">Stanley Fishcher</subfield>
  </datafield>
  <datafield tag="700" ind1=" " ind2=" ">
    <subfield code="a">Steven B. Webb</subfield>
  </datafield>
  <datafield tag="942" ind1=" " ind2=" ">
    <subfield code="2">lcc</subfield>
    <subfield code="c">BK</subfield>
  </datafield>
  <datafield tag="999" ind1=" " ind2=" ">
    <subfield code="c">1467</subfield>
    <subfield code="d">8967</subfield>
  </datafield>
  <datafield tag="952" ind1=" " ind2=" ">
    <subfield code="0">0</subfield>
    <subfield code="1">0</subfield>
    <subfield code="2">lcc</subfield>
    <subfield code="4">0</subfield>
    <subfield code="7">0</subfield>
    <subfield code="a">WIUC-1</subfield>
    <subfield code="b">WIUC-1</subfield>
    <subfield code="d">2012-06-20</subfield>
    <subfield code="l">0</subfield>
    <subfield code="o">HG3891.5.A33</subfield>
    <subfield code="p">3576/12</subfield>
    <subfield code="r">2012-06-20 00:00:00</subfield>
    <subfield code="t">1</subfield>
    <subfield code="w">2012-06-20</subfield>
    <subfield code="y">BK</subfield>
  </datafield>
</record>
